Movies Quiz

Random Movies or Oscar Quiz

All Major Oscar Winners since 1980 Quiz Stats

 Plays Quiz not verified by Sporcle

Also try: Brad Pitt Movies
Challenge
Share
Tweet
Embed
Score 0/175 Timer 20:00
0 Plays Today
% Correct
The Lord of the Rings: The Return of the King
91.2%
Tom Hanks
91%
Tom Hanks
91%
Meryl Streep
90.2%
Meryl Streep
90.1%
Birdman
89.5%
Jack Nicholson
89.3%
Forrest Gump
89.2%
Dustin Hoffman
89.1%
Jack Nicholson
88.5%
Gladiator
88.4%
Robert de Niro
88.2%
Russell Crowe
88.1%
Daniel Day-Lewis
88%
Kevin Spacey
88%
Anthony Hopkins
88%
Kevin Spacey
88%
William Hurt
87.9%
Jodie Foster
87.9%
Silence of the Lambs
87.8%
Linda Hunt
87.7%
Julianne Moore
87.7%
The King's Speech
87.6%
Daniel Day-Lewis
87.6%
Colin Firth
87.6%
Daniel Day-Lewis
87.6%
Denzel Washington
87.3%
Jodie Foster
87%
Eddie Redmayne
86.9%
12 Years a Slave
86.7%
Argo
86.7%
The Artist
86.7%
Shakespeare in Love
86.7%
Titanic
86.7%
The Hurt Locker
86.6%
Denzel Washington
86.6%
American Beauty
86.6%
Phillip Seymour Hoffman
86.4%
Morgan Freeman
86.4%
Schindler's List
86.4%
Chicago
86%
Catherine Zeta-Jones
86%
Sean Penn
85.9%
Sean Penn
85.9%
Helen Hunt
85.7%
Kate Winslet
85.3%
Ben Kingsley
85.1%
Crash
85%
Slumdog Millionaire
84.6%
Cate Blanchett
84.6%
Cate Blanchett
84.6%
Gwyneth Paltrow
84.6%
Gandhi
84.4%
Henry Fonda
84.4%
Al Pacino
84.3%
A Beautiful Mind
84.2%
Jennifer Lawrence
84.2%
No Country for Old Men
84.1%
Million Dollar Baby
84.1%
% Correct
Dances With Wolves
83.9%
Ordinary People
83.8%
The Departed
83.8%
Unforgiven
83.8%
Driving Miss Daisy
83.7%
Braveheart
83.6%
Hilary Swank
83.4%
Hilary Swank
83.4%
Rain Man
83.3%
The English Patient
83.1%
Halle Berry
82.9%
Jessica Tandy
82.6%
Platoon
82.4%
Shirley MacLaine
82.2%
Tommy Lee Jones
82%
Amadeus
81.9%
Nicole Kidman
81.7%
Matthew McConaughey
81.5%
JK Simmons
81.4%
Chariots of Fire
81.4%
Julia Roberts
81.3%
Terms of Endearment
81.2%
Jessica Lange
81.2%
Judi Dench
81.1%
Helen Mirren
80.7%
Javier Bardem
80.7%
Michael Caine
80.7%
George Clooney
80.6%
Katharine Hepburn
80.5%
Jean Dujardin
80.4%
The Last Emperor
80%
F. Murray Abraham
80%
Sandra Bullock
79.9%
Sally Field
79.6%
Robin Williams
79.4%
Michael Douglas
79.1%
Paul Newman
78.9%
Robert Duvall
78.9%
Jared Leto
78.7%
Geoffrey Rush
78.7%
Out of Africa
78.7%
Patricia Arquette
78.6%
Holly Hunter
78.6%
Christian Bale
78.5%
Renee Zellweger
78.5%
Jeff Bridges
78.3%
Jamie Foxx
78.2%
Heath Ledger
77.8%
Forest Whitaker
77.2%
Geena Davis
77%
Natalie Portman
76.6%
Reese Witherspoon
76.6%
Dianne Wiest
76.6%
Cher
76.4%
Sissy Spacek
76.4%
Adrien Brody
76.4%
Charlize Theron
76.4%
Michael Caine
76.2%
Gene Hackman
75.8%
% Correct
Marion Cotillard
75.2%
Tim Robbins
75.2%
Nicolas Cage
74.8%
Roberto Benigni
74.7%
Christoph Waltz
74.5%
Christoph Waltz
74.5%
Chris Cooper
74.5%
Jessica Lange
74.5%
Jeremy Irons
74.4%
Geraldine Page
74.2%
Juliette Binoche
74.1%
Emma Thompson
74%
Lupita Nyong'o
73.8%
Anne Hathaway
73.8%
Susan Sarandon
73.8%
Marlee Matlin
73.8%
Kathy Bates
73.6%
Jennifer Connelly
73.4%
Anna Paquin
73.4%
Melissa Leo
73.1%
Timothy Hutton
73.1%
Joe Pesci
72.4%
Alan Arkin
71.6%
Marisa Tomei
71.6%
Mo'Nique
71.2%
Christopher Plummer
70.8%
Penelope Cruz
70.2%
Jennifer Hudson
70.2%
Benicio del Toro
69.4%
Angelina Jolie
69.4%
Octavia Spencer
69.2%
Olympia Dukakis
68.2%
Frances McDormand
68.1%
Cuba Gooding, Jr.
68%
Marcia Gay Harden
67.4%
Whoopi Goldberg
67.1%
Jim Broadbent
66.9%
Louis Gossett, Jr.
65.9%
Sean Connery
65.7%
Dianne Wiest
65.6%
Brenda Fricker
65.2%
Tilda Swinton
64.8%
Mira Sorvino
64.2%
Mary Steenburgen
64%
Maureen Stapleton
63.6%
Rachel Weisz
63.5%
Kevin Kline
62.9%
Anjelica Huston
62.7%
Kim Basinger
62%
Jack Palance
61.8%
John Gielgud
61.3%
Martin Landau
61%
Haing S. Ngor
59.1%
James Coburn
58.9%
Peggy Ashcroft
57.8%
Don Ameche
57.6%
Mercedes Ruehl
56.2%

You're not logged in!

Compare scores with friends on all Sporcle quizzes.
OR
Log In

You Might Also Like...

Show Comments

Extras

Top Quizzes Today


Score Distribution

Your Account Isn't Verified!

In order to create a playlist on Sporcle, you need to verify the email address you used during registration. Go to your Sporcle Settings to finish the process.

Report this User

Report this user for behavior that violates our Community Guidelines.

Details: